000 00332nam a2200133Ia 4500
005 20260326235438.0
008 260326s9999||||xx |||||||||||||| ||und||
100 _aMolina Vedia, Juan
245 0 _aLuis Barragán :
_b Paraisos /
_cJuan Molina Vedia
260 _bKliczkowski
300 _a71 p.
650 _aARQUITECTOS
942 _cBK
999 _c7303
_d7303